Guidelines for labelling of hazardous chemicals

Bibliographic Details
Corporate Authors: MALAYSIA, Malaysia
Format: Book
Published: Bangi : Jabatan Keselamatan dan Kesihatan Pekerjaan Malaysia , 1997
Subjects:

MARC

LEADER 00000cam a2200000 7i4500
001 0000002959
005 20040323.0
020 0 0 |a 9839915673 
090 0 0 |a 363.19   |b MAL 1997 
110 1 0 |a MALAYSIA   |c Department of Occupational Safety and Health 
245 1 0 |a Guidelines for labelling of hazardous chemicals 
260 0 0 |a Bangi :   |b Jabatan Keselamatan dan Kesihatan Pekerjaan Malaysia ,   |c 1997 
300 |a 55 p. :   |b ill. ;   |c 25 cm. 
650 0 0 |a Chemicals   |x Labeling 
650 0 0 |a Chemicals   |x Safety measures 
650 0 0 |a Hazardous substances   |x Labeling 
710 1 1 |a Malaysia ,   |c Jabatan Keselamatan dan Kesihatan Pekerjaan Malaysia 
998 |a JPSM 
999 |a 0000005227   |b Monograph   |c Open Shelf   |e Default branch